00979cam a2200289 a 4500001000500000005001700005020001700022040002300039050002200062082000800084100001900092245007400111250003800185260004900223300005800272490002500330500005500355505000800410520012900418521002000547521002000567650001300587650001900600650002500619650001300644700003200657291820240123142330.0 a076714003996 aDLCcDLCdDLCbeng00aPZ7.R23775b 200100a3101 aReber, Deborah10aMy favorite letters /cby Deborah Reber ; illustrated by Karen Craig. aThis edition was printing in 2001 aNew York :bSimon Spotlight/Nick Jr. ,c2001 a22 unnumbered pages : bcolor illustrations ;c23 cm. a Blue's Clues Series a"Based on the TV series Blue's Clues"--T.p. verso. aE  aBlue learns to spell her name and finds other words that begin with her favorite letters: B, L, U, and E. Features rebuses. a200 bLexile  aE bRaz-Plus  0aRebuses. 1aDogsvFiction. 1aVocabularyvFiction. 1aRebuses.1 aCraig, Karen eillustrator